00973cam a22002771 4500001001300000003000400013005001700017008004100034010001700075020002800092025001900120040002200139043001200161050001600173082001600189100002900205245005100234260008100285300007300366500007500439504003400514650004100548650002700589710006200616999001700678sa 68015448 DLC20260227112643.0850809m19679999ii abf b f000 0 eng  asa 68015448  cv. 1: Rs50.00; £3/16/6 aPL480:I-E-9807 aDLC/ICUcICUdDLC aa-ii---00aQK358b.B5300a591.9/54/141 aBiswas, Kalipada,d1899-10aPlants of Darjeeling and the Sikkim Himalayas. aAlipore,bSupt., Govt. Print., West Bengal Govt. Press,c1966- [i.e. 1967- av. <1- >billus. (part col.), col. map, plates (part col.)c29 cm. aOn jacket of v. 1: Govt. of West Bengal, Commerce and Industries Dept. aBibliography: v. 1, p. 85-90. 0aBotanyzIndiazDarjeeling (District) 0aBotanyzIndiazSikkim.1 aWest Bengal (India).bCommerce and Industries Department. c86461d86461